USL Championship 2025 Season - Statistics

General Stats
  • This quiz has been taken 23 times
    13 since last reset
  • The average score is 21 of 27
Answer Stats
Hint Answer % Correct
Arizona: Phoenix Rising FC
100%
Michigan: Detroit City FC
92%
Indiana: Indy Eleven
92%
Florida: Miami FC
92%
California: Oakland Roots SC
92%
Pennsylvania: Pittsburgh Riverhounds SC
92%
Florida: Tampa Bay Rowdies
92%
Alabama: Birmingham Legion FC
85%
South Carolina: Charleston Battery
85%
Colorado: Colorado Springs Switchbacks FC
85%
Nevada: Las Vegas Lights FC
85%
California: Monterey Bay FC
85%
New Mexico: New Mexico United
85%
Rhode Island: Rhode Island FC
85%
Texas: El Paso Locomotive FC
77%
Oklahoma: FC Tulsa
77%
Kentucky: Louisville City FC
77%
California: Orange County SC
77%
Texas: San Antonio FC
77%
Connecticut: Hartford Athletic
69%
Kentucky: Lexington SC
69%
North Carolina: North Carolina FC
69%
Virginia: Loudoun United FC
62%
California: Sacramento Republic FC
62%
Tennessee: Memphis 901 FC
54%
Florida: Sporting Club Jacksonville
46%
New York: Brooklyn FC
38%
No matching quizzes found
Score Distribution
Percent of People with Each Score
Percentile by Number Answered
Your Score History
You have not taken this quiz since the last reset